Communes du Loiret (45) de plus de 10000 habitants - Statistiques

Statistiques générales
  • Ce quiz a été pris 91 fois
  • Le résultat moyen est 6 sur 11
Statistiques - réponses
Habitants Commune % Correct
116344 (préfecture) Orléans
98%
14819 Montargis
83%
22988 Olivet
75%
21664 Fleury-les-Aubrais
65%
16866 Saran
62%
13431 Gien
58%
22088 Saint-Jean-de-Braye
58%
16608 Saint-Jean-de-la-Ruelle
52%
10492 La Chapelle-Saint-Mesmin
38%
13432 Amilly
30%
12958 Châlette-sur-Loing
22%
Aucun quiz correspondant
Distribution des résultats
% des personnes avec chaque résultat
Percentile par nombre de réponses
Votre historique - résultats
Vous n’avez pas pris ce quiz